000 00619nam a22002177a 4500
003 OSt
005 20140310183030.0
008 130218t xxu||||| |||| 00| 0 eng d
020 _a9780802840172 (pbk.)
050 _aBR 290
_b.L965 2011
082 _aM 274.06
_bL965 2011
245 _aIn the name of God
_bthe making of global Christianity
_cLupieri, Edmondo
250 _aEnglish ed.
260 _aGrand Rapids, Mich.
_bW. B. Eerdmans Pub.
_cc2011
300 _a271 p.
_c23 cm.
_b ill.
521 _acollege students
526 _c1210L-1700L
541 _j1
562 _e1
942 _2lcc
_cBK
_kM
999 _c18433
_d18433